| Tag |
First Indicator |
Second Indicator |
Subfields |
| LEADER |
00000nam a2200000Ia 4500 |
| 001 |
in00004240813 |
| 005 |
20200807093918.0 |
| 006 |
m g d |
| 007 |
cr bn |||a|bb| |
| 008 |
850515s1644 enk o 00| | eng d |
| 035 |
|
|
|a (OCoLC)12037841
|
| 040 |
|
|
|a EAA
|c EAA
|d m/c
|d UMI
|d WaOLN
|
| 037 |
|
|
|a CL0037000007
|b ProQuest Information and Learning. 300 N. Zeeb Rd., Ann Arbor, MI 48106
|
| 049 |
|
|
|a UMIA
|
| 100 |
1 |
|
|a Mather, Richard,
|d 1596-1669.
|
| 245 |
1 |
2 |
|a A modest & brotherly ansvver to Mr. Charles Herle his book against the independency of churches :
|b wherein his foure arguments for the government of synods over particular congregations, are friendly examined and clearly answered : together with Christian and loving animadversions upon sundry other observable passages in the said booke : all tending to declare the true use of synods, and the power of congregationall churches in the points of electing and ordaining their owne officers and censuring their offendors /
|c by Richard Mather ... and William Tompson ...
|
| 260 |
|
|
|a London :
|b Printed for Henry Overton ...,
|c 1644.
|
| 300 |
|
|
|a 1 online resource ([4], 58 pages)
|
| 336 |
|
|
|a text
|b txt
|2 rdacontent
|
| 337 |
|
|
|a computer
|b c
|2 rdamedia
|
| 338 |
|
|
|a online resource
|b cr
|2 rdacarrier
|
| 500 |
|
|
|a Reproduction of original in Thomason Collection, British Library.
|
| 510 |
4 |
|
|a Wing
|c M1274
|
| 510 |
4 |
|
|a Holmes
|c MM 50
|
| 510 |
4 |
|
|a Sabin
|c 46781
|
| 510 |
4 |
|
|a JCB Lib. Cat., 1675-1700
|c 1919 II 318
|
| 510 |
4 |
|
|a McAlpin Coll.
|c II 300
|
| 510 |
4 |
|
|a Church. Americana
|c 463
|
| 533 |
|
|
|a Electronic reproduction.
|b Ann Arbor, Mich. :
|c UMI,
|d 1999-
|f (Early English books online)
|n Digital version of: (Early English books, 1641-1700 ; 235:E37, no 19)
|7 s1999 miun s
|
| 600 |
1 |
4 |
|a Herle, Charles,
|d 1598-1659.
|t Independency of Scriptures of the independency of churches.
|
| 650 |
|
0 |
|a Congregational churches
|x Government.
|
| 650 |
|
0 |
|a Councils and synods
|z England.
|
| 700 |
1 |
|
|a Tompson, William,
|d d. 1666.
|
| 740 |
0 |
|
|a Modest and brotherly answer to Mr. Charles Herle his book against the independency of churches.
|
| 830 |
|
0 |
|a Early English books online.
|
| 856 |
4 |
0 |
|u http://proxy.library.tamu.edu/login?url=https://search.proquest.com/docview/2240958726
|z Connect to the full text of this electronic book
|t 0
|
| 999 |
f |
f |
|s 75af2869-b3cc-31ae-af83-98fa384c969b
|i b95fac58-4770-333c-a011-edc4b6bc34cd
|t 0
|
| 952 |
f |
f |
|a Texas A&M University
|b College Station
|c Electronic Resources
|d Available Online
|t 0
|h No information provided
|
| 998 |
f |
f |
|t 0
|l Available Online
|